000 00602nam a2200229Ia 4500
003 OSt
005 20220918204607.0
006 a|||||r|||| 00| 0
007 ta
008 220917b |||||||| |||| 00| 0 eng d
024 _a113,358
037 _cTextual
040 _aARTS
_cARTS
_beng
041 _2eng
_aeng
082 _aV55:1:N5, J53
100 _aMayer Milton
_9112464
245 0 _aThey thought they were free
_b The Germans 1933-1945
260 _aNA
_bNA
_c1955
650 _aHISTORY
942 _hV55:1:N5, J53
_cTEXL
_2CC
999 _c236691
_d236691